Meranie a kontrola v elektrotechnológii. 1.zväzok /

Enregistré dans:
Détails bibliographiques
Auteur principal: Nepraš, Ivan (Auteur)
Format: Livre
Langue:slovaque
Publié: Bratislava : SVŠT v Bratislave, 1987
Édition:3.prepr.vyd.
Sujets:
Tags: Ajouter un tag
Pas de tags, Soyez le premier à ajouter un tag!

MARC

LEADER 00000nam a22000003a 4500
001 stu39799
005 20150617225725.0
008 930308s1987----cs------------------slo-d
040 |a STU  |b slo 
041 0 |a slo 
044 |a cs 
080 |a 621.317(075.8) 
100 1 |a Nepraš, Ivan  |4 aut 
245 1 |a Meranie a kontrola v elektrotechnológii. 1.zväzok /  |c [aut.]Ivan Nepraš 
250 |a 3.prepr.vyd. 
260 |a Bratislava :  |b SVŠT v Bratislave,  |c 1987 
300 |a 350 s 
650 7 |a elektrotechnológia  |2 stusub 
650 7 |a meranie a kontrola  |2 stusub 
996 |b 284M018920  |c M*S-364/A-1  |l MMKN  |s A  |a 24  |w stu39799_0001 
996 |b 284M018921  |c M*S-364/A-2  |l MMKN  |s A  |a 24  |w stu39799_0002